<?xml version="1.0" encoding="UTF-8"?>
<collection xmlns="http://www.loc.gov/MARC21/slim">
 <record>
  <leader>01790nam a2200373   4500</leader>
  <controlfield tag="001">000023335</controlfield>
  <controlfield tag="003">19786</controlfield>
  <controlfield tag="005">20151202101219.0</controlfield>
  <controlfield tag="008">151007s2015                        viesd</controlfield>
  <datafield tag="041" ind1=" " ind2=" ">
   <subfield code="a">vie</subfield>
  </datafield>
  <datafield tag="082" ind1="1" ind2="4">
   <subfield code="a">660.28423</subfield>
   <subfield code="b">LÊ-B</subfield>
  </datafield>
  <datafield tag="100" ind1="1" ind2=" ">
   <subfield code="a">Lê Thị Kim Bích</subfield>
  </datafield>
  <datafield tag="245" ind1="1" ind2=" ">
   <subfield code="a">Nghiên cứu chế tạo vật liệu hấp phụ tổ hợp chitosan/than hoạt tính và ứng dụng xử lý ion Cu2+, Ni2+ trong nước</subfield>
   <subfield code="c">Lê Thị Kim Bích ; Lê Tự Hải hướng dẫn.</subfield>
   <subfield code="k">Luận văn Thạc sĩ</subfield>
  </datafield>
  <datafield tag="260" ind1=" " ind2=" ">
   <subfield code="a">Đà Nẵng</subfield>
   <subfield code="b">Đại học Đà Nẵng</subfield>
   <subfield code="c">2015</subfield>
  </datafield>
  <datafield tag="300" ind1=" " ind2=" ">
   <subfield code="a">82 tr., phụ lục 5 tr.</subfield>
   <subfield code="c">29 cm.</subfield>
   <subfield code="e">Tóm tắt</subfield>
  </datafield>
  <datafield tag="500" ind1=" " ind2=" ">
   <subfield code="a">Luận văn thạc sĩ Khoa học. Chuyên ngành: Hóa hữu cơ. Mã số: 60.40.01.14</subfield>
  </datafield>
  <datafield tag="520" ind1="3" ind2=" ">
   <subfield code="a">Tách chitin từ vỏ tôm phế liệu và điều chế chitosan (CTS) từ chitin thu được. Chế tạo vật liệu hấp phụ (VLHP) chitosan/than hoạt tính. Ứng dụng VLHP chitosan/than hoạt tính để xử lý ion Cu2+, Ni2+ trong nước..</subfield>
  </datafield>
  <datafield tag="650" ind1="0" ind2="4">
   <subfield code="a">Vật liệu hấp phụ</subfield>
   <subfield code="v">Luận văn tốt nghiệp</subfield>
   <subfield code="x">Xử lý ion</subfield>
   <subfield code="x">Nước</subfield>
  </datafield>
  <datafield tag="653" ind1=" " ind2=" ">
   <subfield code="a">Vật liệu hấp phụ</subfield>
  </datafield>
  <datafield tag="653" ind1=" " ind2=" ">
   <subfield code="a">Than hoạt tính</subfield>
  </datafield>
  <datafield tag="653" ind1=" " ind2=" ">
   <subfield code="a">Chitosan</subfield>
  </datafield>
  <datafield tag="653" ind1=" " ind2=" ">
   <subfield code="a">Hóa hữu cơ</subfield>
  </datafield>
  <datafield tag="653" ind1=" " ind2=" ">
   <subfield code="a">Nước</subfield>
  </datafield>
  <datafield tag="700" ind1="1" ind2=" ">
   <subfield code="a">Lê Tự Hải</subfield>
   <subfield code="c">PGS. TS</subfield>
   <subfield code="e">Hướng dẫn</subfield>
  </datafield>
  <datafield tag="OWN" ind1=" " ind2=" ">
   <subfield code="a">LSP</subfield>
  </datafield>
  <datafield tag="AVA" ind1=" " ind2=" ">
   <subfield code="a">UDN50</subfield>
   <subfield code="b">LSP</subfield>
   <subfield code="d">660.28423 LÊ-B</subfield>
   <subfield code="e">available</subfield>
   <subfield code="t">Error 5001 Not defined in file expand_doc_bib_avail.</subfield>
   <subfield code="f">1</subfield>
   <subfield code="g">0</subfield>
   <subfield code="h">N</subfield>
   <subfield code="i">0</subfield>
   <subfield code="k">1</subfield>
  </datafield>
  <datafield tag="999" ind1=" " ind2=" ">
   <subfield code="a">From the UDN01</subfield>
  </datafield>
  <datafield tag="AVA" ind1=" " ind2=" ">
   <subfield code="a">UDN50</subfield>
   <subfield code="b">LSP</subfield>
   <subfield code="d">660.28423 LÊ-B</subfield>
   <subfield code="e">available</subfield>
   <subfield code="t">Error 5001 Not defined in file expand_doc_bib_avail.</subfield>
   <subfield code="f">1</subfield>
   <subfield code="g">0</subfield>
   <subfield code="h">N</subfield>
   <subfield code="i">0</subfield>
   <subfield code="k">1</subfield>
  </datafield>
  <datafield tag="TYP" ind1=" " ind2=" ">
   <subfield code="a">Monograph</subfield>
  </datafield>
  <datafield tag="TYP" ind1=" " ind2=" ">
   <subfield code="a">Printed language</subfield>
  </datafield>
  <datafield tag="980" ind1=" " ind2=" ">
   <subfield code="a">Mạng thư viện Đại học Đà Nẵng</subfield>
  </datafield>
 </record>
</collection>
